书目信息 |
| 题名: |
表面活性剂
|
|
| 作者: | 矶田孝一 , 藤本武彦 著 ;天津市轻工业化学研究所 译 | |
| 分册: | ||
| 出版信息: | 北京 轻工业出版社 1973 |
|
| 页数: | 198页 | |
| 开本: | 19cm | |
| 丛书名: | ||
| 单 册: | ||
| 中图分类: | TQ423 | |
| 科图分类: | ||
| 主题词: | 表面活性剂 | |
| 电子资源: | ||
| ISBN: | ||
| 000 | 00671nam0 2200241 45 | |
| 001 | 0178001225 | |
| 005 | 20041130162620.0 | |
| 010 | @dCNY0.53 | |
| 091 | @a15042.1308 | |
| 100 | @a19950801e19781973em y0chiy0121 ea | |
| 101 | 1 | @achi@cjpn |
| 102 | @aCN@b110000 | |
| 105 | @ay z 000yy | |
| 200 | 10 | @a表面活性剂@Abiao mian huo xing ji@f(日)矶田孝一,(日)藤本武彦著@g天津市轻工业化学研究所译 |
| 210 | @a北京@c轻工业出版社@d1973@h1978重印 | |
| 215 | @a198页@d19cm | |
| 606 | @a表面活性剂 | |
| 690 | @aTQ423@v3 | |
| 701 | 0 | @a矶田孝一@4著 |
| 701 | 0 | @a藤本武彦@4著 |
| 712 | 02 | @a天津市轻工业化学研究所@4译 |
| 801 | 0 | @aCN@bNLC@c20041130 |
| 905 | @f1@b17853@dTQ423@e2 | |
| 表面活性剂/(日)矶田孝一,(日)藤本武彦著/天津市轻工业化学研究所译.-北京:轻工业出版社,1973(1978重印) |
| 198页;19cm |
| ISBN :CNY0.53 |
| ● |
| 相关链接 |
|
|
|
|
正题名:表面活性剂
索取号:TQ423/2
 
预约/预借
| 序号 | 登录号 | 条形码 | 馆藏地/架位号 | 状态 | 备注 |
| 1 | 0017853 | 001504492 | 第二样本阅览室/ [索取号:TQ423/2] | 在馆 |